Sports Quiz

Random Sports or Basketball Quiz

Pitt Basketball Starters Quiz Stats

 Plays Quiz not verified by Sporcle

Also try: WCC
Challenge
Share
Tweet
Embed
Score 0/55 Timer 06:00
0 Plays Today
Year Player % Correct
07-08DeJuan Blair
93.3%
08-09DeJuan Blair
93.3%
07-08Sam Young
88.7%
08-09Sam Young
88.7%
06-07Levance Fields
86.2%
07-08Levance Fields
86.2%
08-09Levance Fields
86.2%
00-01Brandin Knight
83.1%
01-02Jaron Brown
83.1%
01-02Brandin Knight
83.1%
02-03Jaron Brown
83.1%
02-03Brandin Knight
83.1%
03-04Jaron Brown
83.1%
09-10Ashton Gibbs
82.1%
05-06Aaron Gray
81.5%
06-07Aaron Gray
81.5%
03-04Karl Krauser
75.4%
04-05Karl Krauser
75.4%
05-06Karl Krauser
75.4%
09-10Brad Wanamaker
73.3%
00-01Julius Page
66.7%
01-02Julius Page
66.7%
02-03Julius Page
66.7%
03-04Julius Page
66.7%
09-10Gary McGhee
66.7%
03-04Chris Taft
64.6%
04-05Chris Taft
64.6%
05-06Ronald Ramon
64.6%
Year Player % Correct
07-08Ronald Ramon
64.6%
03-04Chevon Troutman
62.6%
04-05Chevon Troutman
62.6%
09-10Nasir Robinson
62.6%
08-09Jermaine Dixon
54.9%
09-10Jermaine Dixon
54.9%
05-06Levon Kendall
49.2%
06-07Levon Kendall
49.2%
08-09Tyrell Biggs
45.6%
02-03Ontario Lett
44.6%
10-11Gilbert Brown
39%
10-11Ashton Gibbs
37.9%
10-11Brad Wanamaker
35.9%
00-01Donatas Zavackas
34.9%
01-02Donatas Zavackas
34.9%
02-03Donatas Zavackas
34.9%
07-08Keith Benjamin
34.4%
04-05Antonio Graves
32.8%
06-07Antonio Graves
32.8%
06-07Mike Cook
31.8%
10-11Gary McGhee
31.3%
10-11Nasir Robinson
29.7%
00-01Ricardo Greer
26.2%
01-02Toree Morris
26.2%
05-06John DeGroat
19.5%
04-05Yuri Demetris
14.9%
00-01Isaac Hawkins
10.3%

You're not logged in!

Compare scores with friends on all Sporcle quizzes.
Join for Free
OR
Log In

You Might Also Like...

Show Comments

Extras

Top Quizzes Today


Score Distribution

Your Account Isn't Verified!

In order to create a playlist on Sporcle, you need to verify the email address you used during registration. Go to your Sporcle Settings to finish the process.

Report this User

Report this user for behavior that violates our Community Guidelines.

Details: